| 000 -ლიდერი |
| ფიქსირებული სიგრძის საკონტროლო ველი |
01365nam a22002417a 4500 |
| 003 - საკონტროლო ნომრის იდენტიფიკატორი |
| საკონტროლო ველი |
Ge_BSU |
| 005 - ბოლო ოპერაციის თარიღი და დრო |
| საკონტროლო ველი |
20230623172317.0 |
| 008 - ფიქსირებული სიგრძის მონაცემთა ელემენტები - ზოგადი ინფორმაცია |
| ფიქსირებული სიგრძის საკონტროლო ველი |
230623s2009 ge ||||| |||| 00| 0 geo d |
| 041 ## - ენის კოდი |
| Language code of text/sound track or separate title |
geo |
| 080 ## - უნივერსალური ათობითი კლასიფიკაციის ინდექსი |
| Universal Decimal Classification number |
016:929(479.22) მ-54 |
| 245 ## - ცნობა სათაურის შესახებ |
| Title |
შალვა ამირანაშვილი, 110 : |
| Remainder of title |
ბიობიბლიოგრაფია / |
| Statement of responsibility, etc |
შეადგინეს ლია მელიქიშვილმა და ჯუანშერ ამირანაშვილმა ; რედ. ირინა არსენიშვილი. |
| 264 ## - წარმოების, გამოცემის, დისტრიბუციის და სხვა ცნობები |
| გამოცემის, წარმოების, დისტრიბუციის... ადგილი |
თბილისი, |
| გამოცემის, წარმოების, დისტრიბუციის... თარიღი |
2009. |
| 300 ## - ფიზიკური აღწერა |
| Extent |
114 გვ. : |
| Other physical details |
ფოტ. ; |
| Dimensions |
20 სმ. |
| 653 ## - INDEX TERM--UNCONTROLLED |
| Uncontrolled term |
ამირანაშვილი, შალვა, 1899-1975 |
| 653 ## - INDEX TERM--UNCONTROLLED |
| Uncontrolled term |
ხელოვნებათმცოდნეობა |
| 653 ## - INDEX TERM--UNCONTROLLED |
| Uncontrolled term |
ბიბლიოგრაფია. |
| 653 ## - INDEX TERM--UNCONTROLLED |
| Uncontrolled term |
ქართველი ხელოვნებათმცოდნეები |
| 653 ## - INDEX TERM--UNCONTROLLED |
| Uncontrolled term |
ბიობიბლიოგრაფია. |
| 700 ## - ADDED ENTRY--PERSONAL NAME |
| Personal name |
მელიქიშვილი, ლია |
| Relator term |
შემდგენელი |
| 9 (RLIN) |
159 |
| 700 ## - ADDED ENTRY--PERSONAL NAME |
| Personal name |
ამირანაშვილი, ჯუანშერ |
| Relator term |
შემდგენელი |
| 9 (RLIN) |
17671 |
| 700 ## - ADDED ENTRY--PERSONAL NAME |
| Personal name |
არსენიშვილი, ირინა |
| Relator term |
რედაქტორი |
| 9 (RLIN) |
18946 |
| 942 ## - ADDED ENTRY ELEMENTS (KOHA) |
| Source of classification or shelving scheme |
|
| Koha item type |
წიგნი |